[Event "DVM U20w 2014"]
[Site "Naumburg (Saale) GER"]
[Date "2014.12.29"]
[Round "5"]
[White "Goldhausen, Nina"]
[Black "Friedrich, Laura"]
[Result "0-1"]
[Termination "normal"]
[Board "5.4"]
[WhiteElo "1179"]
[BlackElo "1012"]
[WhiteTeam "SC 1979 Hattersheim"]
[BlackTeam "SV "Glück auf" Rüdersdorf"]
[PlyCount "116"]
[WhiteFideId "12927309"]
[BlackFideId "12952249"]
[EventCountry "GER"]
[EventRounds "7"]
[EventType "team-swiss"]
[EventDate "2014.12.26"]

1. c4 e5 2. Nc3 Nf6 3. g3 Bb4 4. Bg2 O-O 5. Qc2 d6 6. Nf3 Nc6 7. O-O Bg4 8. d3
h6 9. Bd2 Qd7 10. Rab1 Bh3 11. e3 Bxg2 12. Kxg2 Bxc3 13. Bxc3 Qf5 14. Rbd1 e4
15. dxe4 Nxe4 16. Nd2 Rfe8 17. f3 Nxg3 18. Qxf5 Nxf5 19. Kf2 Nxe3 20. Rde1 Nxf1
21. Rxf1 Rad8 22. Ne4 d5 23. cxd5 Rxd5 24. Rg1 Kf8 25. Bxg7+ Ke7 26. Nf6 Rd2+
27. Ke3 Red8 28. Ng8+ Ke6 29. Nxh6 Rxh2 30. Ng4 Rh7 31. Bc3 f5 32. Nf2 f4+ 33.
Kxf4 Rf7+ 34. Ke3 Kf5 35. f4 Re7+ 36. Kf3 Nd4+ 37. Bxd4 Rxd4 38. Rg5+ Ke6 39.
Re5+ Kd7 40. Rf5 Rd2 41. Rb5 b6 42. f5 c6 43. Rb4 Rf7 44. Ke3 Rd5 45. Rb3 Rfxf5
46. Nd3 c5 47. Rc3 b5 48. Rc2 c4 49. Nc1 Rfe5+ 50. Kf4 Re6 51. Kf3 Rf5+ 52. Kg2
Rg6+ 53. Kh1 Rh5+ 54. Rh2 Rxh2+ 55. Kxh2 Rd6 56. b3 c3 57. Kg3 c2 58. Kf3 Rd1
0-1

[Event "DVM U20w 2014"]
[Site "Naumburg (Saale) GER"]
[Date "2014.12.29"]
[Round "5"]
[White "Schüll, Annika"]
[Black "Henke, Jennifer"]
[Result "1-0"]
[Termination "normal"]
[Board "6.3"]
[WhiteElo "1362"]
[BlackElo "1483"]
[WhiteTeam "TTC Grün-Weiß Fritzdorf"]
[BlackTeam "SK Münster"]
[PlyCount "91"]
[WhiteFideId "16200365"]
[BlackFideId "12998850"]
[EventCountry "GER"]
[EventRounds "7"]
[EventType "team-swiss"]
[EventDate "2014.12.26"]

1. e4 e6 2. d4 d5 3. exd5 exd5 4. Nf3 Nf6 5. Nc3 c6 6. Bd3 Bd6 7. O-O O-O 8.
Re1 Bg4 9. h3 Bh5 10. g4 Bg6 11. Ne2 Qc7 12. Be3 Nbd7 13. Qd2 Bxd3 14. Qxd3 Ne4
15. Kg2 Rae8 16. Rac1 b5 17. b3 Nb6 18. Nd2 Nxd2 19. Qxd2 Re7 20. Bf4 Rfe8 21.
Bxd6 Qxd6 22. Ng3 Qc7 23. Nf5 Re6 24. Rxe6 Rxe6 25. Re1 Qd7 26. Rxe6 Qxe6 27.
Qg5 Qf6 28. Qxf6 gxf6 29. Ne7+ Kg7 30. Nxc6 a6 31. Kg3 Kg6 32. Kf4 h6 33. f3
Kg7 34. h4 Kg6 35. Ne7+ Kh7 36. g5 fxg5+ 37. hxg5 hxg5+ 38. Kxg5 Kg7 39. f4 f6+
40. Kf5 Kf7 41. Nc6 Nc8 42. a3 Ne7+ 43. Nxe7 Kxe7 44. Kg6 Ke6 45. f5+ Ke7 46.
Kg7 1-0

[Event "DVM U20w 2014"]
[Site "Naumburg (Saale) GER"]
[Date "2014.12.29"]
[Round "5"]
[White "van Lindt, Marietta"]
[Black "Heyer, Maya"]
[Result "1-0"]
[Termination "normal"]
[Board "6.4"]
[WhiteElo "1135"]
[BlackElo "751"]
[WhiteTeam "SK Münster"]
[BlackTeam "TTC Grün-Weiß Fritzdorf"]
[PlyCount "73"]
[WhiteFideId "12998842"]
[BlackFideId "16200381"]
[EventCountry "GER"]
[EventRounds "7"]
[EventType "team-swiss"]
[EventDate "2014.12.26"]

1. e4  e5 2. Nf3 Nc6 3. Bb5 a6 4. Ba4 b5 5. Bb3 Nf6 6. Qe2 Bc5 7. c3 O-O 8. O-O
d6 9. h3 b4 10. Rd1 a5 11. d4 exd4 12. cxd4 Bb6 13. Bg5 h6 14. Bh4 Ba6 15. Qe1
Bb5 16. e5 dxe5 17. dxe5 Qe7 18. exf6 Qxe1+ 19. Rxe1 Rfe8 20. Nbd2 g5 21. Bg3
a4 22. Bc2 b3 23. axb3 axb3 24. Bxb3 Rxa1 25. Rxa1 Re2 26. Ra8+ Nb8 27. Rxb8+
Be8 28. Kf1 Ba7 29. Ra8 Re6 30. Bxe6 fxe6 31. Rxa7 Bb5+ 32. Kg1 Kh7 33. Rxc7+
Kg6 34. f7 h5 35. f8=Q h4 36. Rg7+ Kh6 37. Qh8# 1-0